Uj doctor
Správa o tom, že Aladár Kutka bol promovaný na doktora práv v júli 1914. Menovaný je synom humenského gréckokatolíckeho farára.
| Médium: | Článok |
|---|---|
| Jazyk: | Hungarian |
| Témy: | |
| Zdroj: |
1. Felvidéki Hirlap 1. Roč. 7, č. 26 (12.07.1914) s. 2 |
| LEADER | 00839nab#a2200301#ar4500 | ||
|---|---|---|---|
| 001 | 000074546 | ||
| 003 | SVKKK | ||
| 005 | 20041220xxxxxxx. | ||
| 008 | 06 c xo huno | ||
| FMT | |||
| 038 | |a SVKKK | ||
| 040 | |a SVKKK |b slo |e AACR2 | ||
| 041 | 0 | |a hun | |
| 044 | |a xo |c SK | ||
| 080 | |a 347.9 | ||
| 242 | 1 | 0 | |a Nový doktor |
| 245 | 0 | 0 | |a Uj doctor |
| 500 | |a mikrofilm | ||
| 520 | 2 | |a Správa o tom, že Aladár Kutka bol promovaný na doktora práv v júli 1914. Menovaný je synom humenského gréckokatolíckeho farára. | |
| 650 | 0 | 4 | |a Kutka, Aladár (právnik - doktor práv (promócia) - Humenné - júl 1914 - správy |
| 773 | 0 | |t Felvidéki Hirlap |g Roč. 7, č. 26 (12.07.1914) s. 2 | |
| 957 | |a Humenné | ||
| 958 | |a DG | ||
| 958 | |a SK | ||
| 974 | |a Ba |d 20041220 | ||
| 992 | |a RBX | ||
| BAS | |||
| 998 | |a RETRO | ||